000 00280nam a22001097a 4500
008 240709b |||||||| |||| 00| 0 eng d
100 _aSabhani, Teerath
_916728
245 _aDilkar Darkhal je Dastoor
260 _aBombay:
_bLok Seva Mandal;
_c1968.
300 _a156p.
942 _cBK
999 _c39800
_d39800